Emotion as the basis of civilization /

Bibliographic Details
Main Author: Denison, John Hopkins, 1870-
Format: Book
Language:English
Published: New York : C. Scribner's Sons, 1928.

MARC

Tag First Indicator Second Indicator Subfields
LEADER 00000cam a2200000 4500
001 in00000683024
005 20151015161026.0
008 741203s1928 nyu 00000 eng u
010 |a  28029565  
035 |a (OCoLC)01096713 
035 |9 ACZ3403AM 
040 |c COO  |d TXA  |d UtOrBLW 
049 |a TXAM  |c [38592] 
050 0 0 |a CB53  |b .D4 
092 |a 901  |b D39e 
100 1 |a Denison, John Hopkins,  |d 1870- 
245 1 0 |a Emotion as the basis of civilization /  |c by ... with a prefatory note by George Foot Moore. 
264 1 |a New York :  |b C. Scribner's Sons,  |c 1928. 
300 |a 555 pages 
336 |a text  |b txt  |2 rdacontent 
337 |a unmediated  |b n  |2 rdamedia 
338 |a volume  |b nc  |2 rdacarrier 
999 |a MARS 
999 f f |s 1a018768-6817-3a39-8878-893d1825849c  |i 34148e18-4746-363a-8b32-9670b10192b6  |t 0 
952 f f |p ric  |a Texas A&M University  |b Rellis Campus  |c Joint Library Facility  |d Remote Storage  |t 0  |e CB53 D4  |h Library of Congress classification  |i unmediated -- volume  |m A14826732305 
998 f f |a CB53 D4  |t 0  |l Remote Storage